000 00611nam a2200205Ia 4500
005 20230704085522.0
008 131103s9999 xx 000 0 und d
040 _aLoreto College
041 _aEnglish
082 _a944.045
_bLEF
100 _aLefebvre,Georges
245 4 _aThe Directory
_cGeorges Lefebvre; translated from the French by Robert Baldick
260 _aLondon
_bRoutledge & Kegan Paul
_c1965
300 _avii,216 p.
504 _aIncludes bibliographical references and index
650 _aFrance - History,1795 - 1799
700 _aBaldick,Robert,tr.
850 _aLCLIB
942 _cBK
999 _c8194
_d58673